<?xml version="1.0" encoding="UTF-8"?>
<record
    xmlns:xsi="http://www.w3.org/2001/XMLSchema-instance"
    xsi:schemaLocation="http://www.loc.gov/MARC21/slim http://www.loc.gov/standards/marcxml/schema/MARC21slim.xsd"
    xmlns="http://www.loc.gov/MARC21/slim">

  <leader>01238nam a2200169 i 4500</leader>
  <controlfield tag="001">186084</controlfield>
  <controlfield tag="003">ES-MaACL</controlfield>
  <controlfield tag="005">20230906222603.0</controlfield>
  <controlfield tag="008">160907m19591962sp           |||| | spa d</controlfield>
  <datafield tag="245" ind1="0" ind2="0">
    <subfield code="a">Maestros rusos : </subfield>
    <subfield code="b">novelas, relatos, teatro / </subfield>
    <subfield code="c">selecci&#xF3;n e introducci&#xF3;n de S.J. Arbatoff.</subfield>
  </datafield>
  <datafield tag="260" ind1=" " ind2=" ">
    <subfield code="a">Barcelona : </subfield>
    <subfield code="b">Planeta, </subfield>
    <subfield code="c">1959-1962.</subfield>
  </datafield>
  <datafield tag="300" ind1=" " ind2=" ">
    <subfield code="a">4 v. ; </subfield>
    <subfield code="c">19 cm.</subfield>
  </datafield>
  <datafield tag="500" ind1=" " ind2=" ">
    <subfield code="a">Son los vols. 1-3, 6.</subfield>
  </datafield>
  <datafield tag="505" ind1="8" ind2=" ">
    <subfield code="a">Contiene: 1. Alejandro Sergeievich Puschkin, Miguel Iurievich Lermontov, Nicol&#xE1;s Vasilievich Gogol, Feodor Mijailovich Dostoievski, Le&#xF3;n Nikolaievich Tolstoi (CXIX, 1900 p.) --- 2. Sergei TImofeievich Aksakov, Iv&#xE1;n Alexandrovich Goncharov, Iv&#xE1;n Sergeievich Turgueniev, Miguel Evgrafovich Saltykov (Chedrin), Nicol&#xE1;s Semionovich Leskov (CLXXIV, 1806 p.) --- 3. Dmitri Narkisovich Mamin (Sibiriak), Vladimir Galaktionovich Korolenko, Vsevolod Mijailovich Garshin, Ant&#xF3;n Pavloich Chejov, Maxim Gorki (Alexei Maximovich Peshkov) (CCCXXXV, 1805 p.) -- -- 6. Andrei Belvyi (Boris Nikolaievich Bugaiev), Boris Konstantinovich Zaitzeff, Eugenio Ivanovich Zamiatin, Nikolai Vladimirovich Narokov, V&#xED;ctor Borisovich Sven (CCXLVII, 1774 p.)</subfield>
  </datafield>
  <datafield tag="700" ind1="0" ind2=" ">
    <subfield code="a">Arbatoff, S. J.</subfield>
    <subfield code="9">22379</subfield>
  </datafield>
  <datafield tag="852" ind1=" " ind2=" ">
    <subfield code="a">ES-MaACL</subfield>
    <subfield code="j">E-4914-17</subfield>
  </datafield>
  <datafield tag="999" ind1=" " ind2=" ">
    <subfield code="c">186084</subfield>
    <subfield code="d">186084</subfield>
  </datafield>
  <datafield tag="952" ind1=" " ind2=" ">
    <subfield code="0">0</subfield>
    <subfield code="1">0</subfield>
    <subfield code="4">0</subfield>
    <subfield code="7">0</subfield>
    <subfield code="a">ATENEOM</subfield>
    <subfield code="b">ATENEOM</subfield>
    <subfield code="c">DEPO2</subfield>
    <subfield code="d">2016-09-07</subfield>
    <subfield code="e">SC</subfield>
    <subfield code="l">0</subfield>
    <subfield code="o">E-4914-17</subfield>
    <subfield code="p">1196189</subfield>
    <subfield code="r">2023-02-23 00:00:00</subfield>
    <subfield code="w">2023-02-23</subfield>
    <subfield code="y">MONOGRAFIA</subfield>
  </datafield>
</record>
